000 00843nam a2200265Ia 4500
003 OSt
005 20221005062744.0
006 a|||||r|||| 00| 0
007 ta
008 221004b |||||||| |||| 00| 0 eng d
020 _a978 1 9054 2 271 5 (pbk)
_c595
024 _a95085
037 _bDU68, 17/03/2009, Independent Publishers Group
_cTextual
040 _aCRL
_cCRL
_beng
041 _2eng
_aeng
082 _aN1,N, N4
100 _aRochlitz Rainer
_9602211
245 0 _aSubversion and subsidy
_b contemporary art and aesthetics
260 _aLondon
_bSeagull Books UK
_c1994
300 _a228p.
_ccm.
650 _aARTS
700 _a Roberts Dafyod Tr.
_9602212
942 _hN1,N, N4
_cTEXL
_2cc
999 _c970216
_d970216